Kdo zachrání Evropu?
Európske zásoby plynu sú na historickom minime a situácia je vážna. Prezident Putin úmyselne vyvolal nebezpečnú energetickú krízu. Politici sa navzájom osočujú a prosia o pomoc. EÚ hľadá spásu v USA, Japonsku či Katare. Posilňuje sa spolupráca medzi Ruskom a Čínou v dodávke plynu.
Saved in:
| Main Author: | |
|---|---|
| Format: | Book Chapter |
| Language: | Czech |
| Subjects: | |
| Tags: |
No Tags, Be the first to tag this record!
|
MARC
| LEADER | 00000naa a2200000 4500 | ||
|---|---|---|---|
| 001 | 0282807 | ||
| 005 | 20240417075159.8 | ||
| 041 | 0 | |a cze | |
| 044 | |a CZ | ||
| 245 | 1 | 0 | |a Kdo zachrání Evropu? |c Karel Sedláček |
| 520 | |a Európske zásoby plynu sú na historickom minime a situácia je vážna. Prezident Putin úmyselne vyvolal nebezpečnú energetickú krízu. Politici sa navzájom osočujú a prosia o pomoc. EÚ hľadá spásu v USA, Japonsku či Katare. Posilňuje sa spolupráca medzi Ruskom a Čínou v dodávke plynu. | ||
| 610 | 2 | 0 | |a energetika |
| 610 | 2 | 0 | |a plyn zemný |
| 610 | 2 | 0 | |a kríza energetická |
| 610 | 2 | 0 | |a závislosť energetická |
| 610 | 2 | 0 | |a spolupráca medzinárodná |
| 610 | 2 | 0 | |a plynovody |
| 610 | 2 | 0 | |a Rusko |
| 610 | 2 | 0 | |a Európa |
| 100 | 1 | |a Sedláček, Karel | |